Crazy Train - Ozzy Osbourne (All Lyrics) - Statistics

General Stats
  • This quiz has been taken 23 times
  • The average score is 143 of 203
Answer Stats
Hint Answer % Correct
Verse 1 Crazy,
100%
crazy
100%
Bridge I
100%
Chorus I'm
100%
of
100%
rails
100%
the
100%
The
100%
train
100%
a
95%
go)
95%
going
95%
off
95%
on
95%
goes
90%
ha
90%
Outro Ha
90%
ha,
90%
how
90%
it
90%
love
90%
that
90%
Millions
85%
people
85%
that's
85%
but
80%
learn
80%
To
80%
to
80%
Who
80%
Intro All
75%
all
75%
as
75%
for
75%
living
75%
me
75%
not
75%
forget
70%
hate
70%
it's
70%
aboard,
65%
An
65%
an
65%
and
65%
late
65%
Maybe
65%
foes
60%
insane
60%
too
60%
Verse 2 I've
55%
listen
55%
my
55%
rule
55%
wounds
55%
are
50%
Driving
50%
healing
50%
(Let's
50%
Pre-Chorus Mental
50%
you
50%
You
50%
just
45%
know
45%
listened
45%
make
45%
preachers,
45%
rules
45%
words,
45%
yeah,
45%
yeah
45%
gotta
40%
own
40%
still
40%
their
40%
wrong
40%
become
35%
blame?
35%
cannot
35%
isn't
35%
screaming
35%
shame
35%
things
35%
war,
35%
we've
35%
what
35%
with
35%
bitter
30%
cold
30%
fair
30%
Life's
30%
media
30%
One
30%
what's
30%
dropouts,
25%
role
25%
sells
25%
control
20%
Verse 3 Heirs
20%
live
20%
mentally
20%
numb
20%
something
20%
troubles,
20%
watched
20%
bear
15%
conditioned
15%
Inheriting
15%
person
10%
Ayy
5%
egg,
5%
egg
5%
No matching quizzes found
Score Distribution
Percent of People with Each Score
Percentile by Number Answered
Your Score History
You have not taken this quiz